Amanda Blacková: Ztracený amulet /
Lord Thomas, vlivná osobnost města, žádá Blackovy o navrácení rodinného amuletu – náramku, který Blackovi kdysi ukradli pro dobro lidstva. Jenže je tu zádrhel: tato rodina zlodějů amulet již nevlastní. Teta Paula prozradí Amandě, že Amandina prababička před mnoha lety náramek někomu darovala, a spol...
Uloženo v:
| Série: | Amanda Blacková,
část 2 |
|---|---|
| Hlavní autor: | |
| Médium: | E-kniha |
| Jazyk: | Czech |
| Vydáno: |
Praha :
Knihy Dobrovský,
2026
|
| Příbuzné jednotky: | Z cyklu::
Amanda Blacková |
| Tagy: |
Žádné tagy |
| LEADER | 01614nam a22002417i 4500 | ||
|---|---|---|---|
| 001 | 301504 | ||
| 007 | ta | ||
| 008 | 260430s2026 xr ||||| |||| 00| 0 cze d | ||
| 020 | |a 9788027742738 | ||
| 044 | |a xr | ||
| 100 | 1 | |a Goméz-Jurado, Juan |4 aut | |
| 245 | 1 | 0 | |a Amanda Blacková: Ztracený amulet / |c Goméz-Jurado, Juan |
| 264 | 1 | |a Praha : |b Knihy Dobrovský, |c 2026 | |
| 300 | |a 1 online zdroj (184 stran) | ||
| 336 | |a text |b txt |2 rdacontent | ||
| 337 | |a bez média |b n |2 rdamedia | ||
| 338 | |a online zdroj |b cr |2 rdacarrier | ||
| 520 | 2 | |a Lord Thomas, vlivná osobnost města, žádá Blackovy o navrácení rodinného amuletu – náramku, který Blackovi kdysi ukradli pro dobro lidstva. Jenže je tu zádrhel: tato rodina zlodějů amulet již nevlastní. Teta Paula prozradí Amandě, že Amandina prababička před mnoha lety náramek někomu darovala, a společně vymyslí ďábelský plán, jak šperk získat zpět. Zatímco Amandu s Ericem hledání náramku zavede do zakleté rezidence, Paula potřebuje udržet pravdu v tajnosti, a tak se s lordem Thomasem vydává na velice nebezpečnou výpravu. | |
| 787 | 0 | 8 | |g 2 |i Z cyklu: |t Amanda Blacková |
| 910 | |a RBIT002 | ||
| 998 | |d 426521 |a https://core.palmknihy.cz/api/books/426521/cover?te8p6i |b https://core.palmknihy.cz/api/books/426521/cover/400?te8p6i |c https://core.palmknihy.cz/api/books/426521/cover/50?te8p6i |e |g 184 |i 9788027742738 |j https://core.palmknihy.cz/api/books/426521/preview.epub |k https://core.palmknihy.cz/api/books/426521/preview.pdf |l |q 49 |r 1 |s https://www.palmknihy.cz/kniha/426521 |t ebook |y 2026 |z 1 |v Amanda Blacková |w 2 | ||
| 999 | |d 301502 | ||